00000000nam 2200000zi 4500
0019.922395
003CaOODSP
00520250313151357
006m     o  d f      
007cr mn|||||||||
008230508t20232023onca    ob   f000 0 eng d
020 |a9780660486017 |q(EPUB)
020 |a9780660483160 |q(PDF)
020 |a9780660483184 |q(print)
040 |aCaOODSP|beng|erda|cCaOODSP
043 |an-cn---
0861 |aD2-645/2023E-EPUB
0861 |aD2-645/2023E-PDF
0861 |aD2-645/2023E
24500|aEvolving human security : |bframeworks and considerations for Canada's military / |cedited by Shannon Lewis-Simpson and Sarah Jane Meharg.
264 1|aKingston, Ontario : |bCanadian Defence Academy Press, |c[2023]
264 4|c©2023
300 |a1 online resource (vi, 305 pages) : |bcolour illustrations
336 |atext|btxt|2rdacontent
337 |acomputer|bc|2rdamedia
338 |aonline resource|bcr|2rdacarrier
500 |aIssued also in French under title: Évolution de la sécurité humaine : cadres et considérations pour les forces armées du Canada.
500 |a"Produced for the Canadian Defence Academy Press by Dallaire Centre of Excellence for Peace and Security"--Verso of cover.
504 |aIncludes bibliographical references.
520 |a"Evolving Human Security: Frameworks and Considerations for Canada's Military brings together scholars and security practitioners who identify topics and themes critical to militaries involved in establishing peace and stability, examining the protection-or-prevention prioritisation. The authors and editors have situated the human security approach, identifying trends, and focusing on relevant considerations for adopting a CAF human security framework. The contextual development of human security in policy and doctrinal terms is highlighted through descriptive cases, issues, and themes from which readers can better grasp the scope of this seemingly simple idea: human security. This volume also explores the ways in which human security can be considered and operationalised in relation to other defence and security approaches, such as the Women, Peace, and Security agenda, and great power competition."
61010|aCanada. |bCanadian Armed Forces.
650 0|aHuman security.
650 0|aPeacekeeping forces, Canadian.
650 0|aPeace-building, Canadian.
650 0|aDisaster relief.
650 0|aHumanitarian intervention.
651 0|aCanada|xMilitary policy.
7001 |aLewis-Simpson, Shannon, |d1974- |eeditor.
7001 |aMeharg, Sarah Jane, |eeditor.
7102 |aCanadian Defence Academy, |eissuing body.
77508|tÉvolution de la sécurité humaine : |w(CaOODSP)9.922397
7760#|tEvolving human security : |w(CaOODSP)9.921577
7760#|tEvolving human security : |w(CaOODSP)9.921575
7760#|tEvolving human security : |w(CaOODSP)9.949092
85640|qEPUB|s10.07 MB|uhttps://publications.gc.ca/collections/collection_2023/mdn-dnd/D2-645-2023-eng.epub